Vivencias y recuerdos : artículos de opinión pública, 1996-2022 /

Detalles Bibliográficos
Autor principal: Chérrez Tamayo, Francisco (Autor)
Formato: Electrónico eBook
Lenguaje:español
Publicado: Cuenca, Ecuador : Universidad del Azuay, Casa Editora, [2023]
Materias:
Acceso en línea:Digitalia Hispánica

MARC

LEADER 00000nam a2200000 i 4500
001 DIGUAZUAY0201
003 NyNyDIG
007 cr |||||||||||
008 251205s2023 ec o 000 0 spa d
006 m o d
035 |a (OCoLC)1564457258 
040 |a DGITA  |b eng  |e rda  |e pn  |c DGITA 
020 |a 9789942645081  |q eBook 
020 |z 9789942645074 
043 |a s-ec--- 
050 1 4 |a F3738.2 ebook 
100 1 |a Chérrez Tamayo, Francisco,  |e author. 
245 1 0 |a Vivencias y recuerdos :  |b artículos de opinión pública, 1996-2022 /  |c Francisco Chérrez Tamayo. 
264 1 |a Cuenca, Ecuador :  |b Universidad del Azuay, Casa Editora,  |c [2023] 
300 |a 1 online resource. 
336 |a text  |b txt  |2 rdacontent 
337 |a computer  |b c  |2 rdamedia 
338 |a online resource  |b cr  |2 rdacarrier 
347 |a text file  |2 rdaft. 
588 0 |a Online resource; title from PDF title page (Digitalia, viewed December 5, 2025) 
600 1 0 |a Chérrez Tamayo, Francisco. 
651 0 |a Ecuador  |x History  |y 20th century. 
651 0 |a Ecuador  |x History  |y 21st century. 
791 2 |a Digitalia (Firm),  |e distributor. 
793 0 |g Digitalia eBook Collection:  |a Universidad del Azuay 
776 0 8 |i Print version:  |a Chérrez Tamayo, Francisco.  |t Vivencias y recuerdos.  |d Cuenca, Ecuador : Universidad del Azuay, Casa Editora, [2023]  |z 9789942645074 
856 4 0 |3 Digitalia Hispánica  |u https://www.digitaliapublishing.com/a/133586/ 
910 |a Premium collection: 2025